[Event "Continental Femenino"]
[Site "?"]
[Date "2007.??.??"]
[Round "11"]
[White "Marrero Lopez, Yaniet"]
[Black "Plazaola, Maria de los A"]
[Result "1-0"]
[WhiteElo "2308"]
[BlackElo "2061"]
[PlyCount "79"]

1. e4 c5 2. Nf3 Nc6 3. Nc3 e5 4. Bc4 Be7 5. O-O Nf6 6. d3 O-O 7. Ne1 d6 8. f4
Be6 9. f5 Bxc4 10. dxc4 Nd4 11. Bg5 Nxe4 12. Bxe7 Nxc3 13. bxc3 Qxe7 14. cxd4
cxd4 15. c3 dxc3 16. Rc1 Rac8 17. Rxc3 f6 18. Nc2 Qf7 19. Ne3 b5 20. Qxd6 bxc4
21. Rfc1 Rcd8 22. Qa6 Qh5 23. Qxc4+ Kh8 24. Qg4 Qxg4 25. Nxg4 Rd2 26. Rc8 Rfd8
27. R1c7 h5 28. Rxd8+ Rxd8 29. Ne3 Rd3 30. Nc2 Kh7 31. a4 Kh6 32. Kf1 a5 33.
Ke2 Rb3 34. Rc5 Kg5 35. Ne3 h4 36. Rc4 Rb2+ 37. Kf3 h3 38. Rg4+ Kh5 39. Rxg7
hxg2 40. Rh7+ 1-0

[Event "Continental Femenino"]
[Site "?"]
[Date "2007.??.??"]
[Round "11"]
[White "Buttner, Natalia"]
[Black "Ubaldo Suarez, Maria Gisel"]
[Result "1-0"]
[WhiteElo "2064"]
[BlackElo "2077"]
[PlyCount "113"]

1. e4 c5 2. Nf3 d6 3. d4 cxd4 4. Nxd4 Nf6 5. Nc3 g6 6. g3 Bg7 7. Bg2 O-O 8. O-O
Bg4 9. Nde2 Nc6 10. h3 Be6 11. a4 Rc8 12. Nd5 Ne5 13. Ra2 Nc4 14. b3 Nb6 15.
Be3 Bxd5 16. exd5 a5 17. Re1 Nbd7 18. Nd4 Nc5 19. c4 Nfe4 20. Rc2 Qd7 21. Bf4
Nf6 22. Rce2 Rfe8 23. Nb5 Nh5 24. Bg5 Be5 25. f4 Bf6 26. Bxf6 Nxf6 27. Re3 Kf8
28. Qd2 Ra8 29. Qd4 Kg8 30. Kh2 h5 31. Bf3 Rac8 32. Qd2 Kg7 33. Qxa5 Kf8 34.
Nd4 Ra8 35. Qc3 Ra6 36. Qc2 Rb6 37. Nb5 Na6 38. a5 Rxb5 39. cxb5 Qxb5 40. Qe2
Qxe2+ 41. R1xe2 Nb4 42. Rd2 Ra8 43. Rc3 Rxa5 44. Rc8+ Ne8 45. Rb8 Rb5 46. Be2
Rb6 47. Bc4 f6 48. Rd1 Kf7 49. Ra1 Nc7 50. Ra7 Nca6 51. Rbxb7 Rxb7 52. Rxb7 g5
53. Rb6 gxf4 54. gxf4 Kg6 55. Kg3 Kf5 56. Rxa6 Nxa6 57. Bxa6 1-0

[Event "Continental Femenino"]
[Site "?"]
[Date "2007.??.??"]
[Round "11"]
[White "Colautti, Marcela"]
[Black "Zepeda, Sonia"]
[Result "1-0"]
[WhiteElo "1929"]
[BlackElo "2045"]
[PlyCount "72"]

1. d4 d5 2. c4 c6 3. cxd5 cxd5 4. Nc3 Nf6 5. Bg5 e6 6. Qc2 Be7 7. Nf3 O-O 8. e3
Nc6 9. a3 Bd7 10. Bd3 h6 11. Bf4 Rc8 12. O-O a6 13. h3 b5 14. b4 Nxb4 15. axb4
Bxb4 16. Rxa6 Rxc3 17. Qb2 Rxd3 18. Qxb4 Qc8 19. Ra7 Rc3 20. Ne5 Be8 21. Qe7
Nh5 22. g4 Nxf4 23. exf4 b4 24. Kg2 b3 25. g5 Bb5 26. Rb1 hxg5 27. Nxf7 Rg3+
28. Kxg3 Qc3+ 29. Kg2 Qxd4 30. Nxg5 Bd3 31. Rxb3 Be4+ 32. Kg3 Bh1 33. Qxg7+
Qxg7 34. Rxg7+ Kxg7 35. Nxe6+ Kf7 36. Nxf8 Kxf8 1-0

[Event "Continental Femenino"]
[Site "?"]
[Date "2007.??.??"]
[Round "11"]
[White "Lovece, Ruth"]
[Black "Vargas, Gabriela"]
[Result "1/2-1/2"]
[WhiteElo "2005"]
[BlackElo "2118"]
[PlyCount "45"]

1. e4 e6 2. d4 d5 3. Nd2 Nf6 4. e5 Nfd7 5. Bd3 c5 6. c3 Nc6 7. Ne2 cxd4 8. cxd4
f6 9. exf6 Nxf6 10. O-O Bd6 11. Nf3 O-O 12. Re1 Qc7 13. g3 Bd7 14. Bf4 Rae8 15.
Rc1 Qb8 16. Bb1 e5 17. dxe5 Nxe5 18. Nxe5 Bxe5 19. Bxe5 Rxe5 20. Nf4 Rxe1+ 21.
Qxe1 Re8 22. Qd2 Bc6 23. Re1 1/2-1/2

[Event "Continental Femenino"]
[Site "?"]
[Date "2007.??.??"]
[Round "11"]
[White "Maggiolo, Elisa"]
[Black "Mateus, Martha"]
[Result "1-0"]
[WhiteElo "2119"]
[BlackElo "2127"]
[PlyCount "129"]

1. e4 c5 2. c3 Nf6 3. e5 Nd5 4. d4 cxd4 5. Nf3 e6 6. cxd4 b6 7. Nc3 Nxc3 8.
bxc3 Bb7 9. Bd3 Qc7 10. Bd2 Nc6 11. O-O Be7 12. Ng5 Na5 13. Qh5 g6 14. Qh6 Bf8
15. Qh3 Nc4 16. Bf4 f5 17. Rfe1 h6 18. Bc1 Bg7 19. Nf3 O-O-O 20. a4 g5 21. Nd2
g4 22. Qg3 Nxd2 23. Bxd2 h5 24. Bg5 Rdf8 25. a5 Qc6 26. Bf1 Bh6 27. Bxh6 Rxh6
28. Qf4 Rfh8 29. c4 h4 30. d5 Qc5 31. axb6 axb6 32. Reb1 g3 33. Rb5 Qxf2+ 34.
Qxf2 gxf2+ 35. Kxf2 exd5 36. cxd5 Re8 37. Rc1+ Kb8 38. d6 Rc8 39. Rxc8+ Kxc8
40. Rxb6 Re6 41. Rb5 Bc6 42. Ra5 Kb7 43. Ke3 Kb6 44. Ra6+ Kb7 45. Kf4 Bxg2 46.
Bc4 Re8 47. Kxf5 Bh3+ 48. Kf6 Rf8+ 49. Ke7 Rf4 50. Ra4 Kb6 51. Bb3 Rf3 52. Bf7
Re3 53. e6 Bxe6 54. Bxe6 Rxe6+ 55. Kxd7 Rh6 56. Re4 Kc5 57. Re5+ Kd4 58. Re6
Rh7+ 59. Kd8 Kd5 60. Rg6 Kc6 61. d7+ Kb7 62. Ke8 Rh8+ 63. Ke7 Kc7 64. Rg7 Rb8
65. Rg4 1-0

[Event "Continental Femenino"]
[Site "?"]
[Date "2007.??.??"]
[Round "11"]
[White "Chang, Suzana"]
[Black "Carraro, Denise"]
[Result "0-1"]
[WhiteElo "2091"]
[BlackElo "2048"]
[PlyCount "42"]

1. e4 c5 2. Nf3 d6 3. Bb5+ Bd7 4. c4 Nc6 5. Nc3 g6 6. Bxc6 Bxc6 7. d4 cxd4 8.
Qxd4 Nf6 9. Bg5 Bg7 10. Nd5 Bxd5 11. exd5 h6 12. Be3 Qa5+ 13. Bd2 Qb6 14. Be3
Rc8 15. Qc3 Qa6 16. Nd2 O-O 17. Qb4 Nd7 18. O-O Ne5 19. c5 dxc5 20. Qh4 Rfd8
21. Qxe7 Bf6 0-1

[Event "Continental Femenino"]
[Site "?"]
[Date "2007.??.??"]
[Round "11"]
[White "Justo, Virginia"]
[Black "Airapetian, Chouchanik"]
[Result "1-0"]
[WhiteElo "2148"]
[BlackElo "2162"]
[PlyCount "109"]

1. e4 e5 2. Nf3 Nc6 3. Bb5 a6 4. Bxc6 dxc6 5. O-O f6 6. d4 exd4 7. Nxd4 c5 8.
Nb3 Qxd1 9. Rxd1 Bd7 10. Bf4 O-O-O 11. Nc3 c4 12. Na5 Bb4 13. Nxc4 Bxc3 14.
bxc3 Ne7 15. Ne3 Be6 16. a3 g5 17. Bg3 f5 18. Be5 Rhf8 19. Rxd8+ Kxd8 20. Rd1+
Kc8 21. exf5 Nxf5 22. Nd5 Rf7 23. h3 h6 24. c4 Rd7 25. a4 Nd6 26. Nf6 Rf7 27.
Bxd6 cxd6 28. Ne4 Rf4 29. f3 Bd7 30. a5 h5 31. Rxd6 g4 32. hxg4 hxg4 33. Rf6
Rxf6 34. Nxf6 Bf5 35. Nxg4 Bxc2 36. Ne3 Bd3 37. g4 Kc7 38. Kf2 b6 39. Nd5+ Kd6
40. Nxb6 Ke5 41. Ke3 Bf1 42. f4+ Ke6 43. Kd4 Bh3 44. g5 Bf5 45. Nd5 Kd6 46. Ne3
Be6 47. f5 Bc8 48. g6 Ke7 49. Ke5 Bb7 50. f6+ Ke8 51. Nf5 Bf3 52. g7 Kf7 53.
Nh6+ Kg6 54. g8=Q+ Kxh6 55. Kf4 1-0